000 01636nam a22001937a 4500
003 OSt
005 20240626104121.0
008 230704s2013 ag ||||| |||| 00| p spa d
020 _a9789872630140
040 _bspa
_cbesoc
100 1 _aOliva, Aldo
_d(1927-2000)
_eautor
245 1 0 _aEse General Belgrano y otros poemas /
_cAldo Oliva ; prólogo y notas Roberto García
250 _a2a ed.
260 _aRosario :
_bemr,
_c2016
300 _a101 p.
505 1 _aBanderas y poemas .- Imágenes renuentes: Travesía; La jornada en el Ehret; Les sanglots de la lyre; En el teatro; Emblema problema; El retrato; Lucro poético; D.N.I; Andrajo metafísico; Crónica de un desalojo; El abrazo imposible de la Venus del Milo; Ejercicio girando en la pérdida; Idilio; Un chamuyo misterioso me acorrala el corazón; Juegos florales; Canto rodado; ¿Todo bien? (dicho argentino); Mercado de poesía; Frente al balcón; Parábola; Rasgo fugaz; Contramarcha; Mañanita de floreo; Solapadas historia y arte; Fábula barrial: primavera; Bajo la risa de los dioses; Cascada añeja; Fanal en aguas turbulentas; Rumbo; Hora electiva; Pina, mi unívoca hermana; Aurora; ¿Ahora o siempre? Encrucijada del sueño; Plenilunio; Deslizamiento feliz; Rocas y flores; Calandria; Reloj de sangre; Pies desnudos; El ascensor de hiedra -- Avizoramientos en espejo retrovisor: Mupunkes; French -- Ese General Belgrano: Cuadro I, consulado; Cuadro II, mayo pluvial, 1810; Cuadro III, bandera prohibida; Movimiento, la desobediencia debida; Movimiento final, anábasis hacia el turbio Sur.-
650 _aLiteratura Argentina
_vPoesía
_xSiglo XX
942 _2udc
_cOG
_n0
999 _c54
_d54